Normal view MARC view
  • Drama portugués

Entry Materia

Number of records used in: 1

001 - NÚMERO DE CONTROL DEL REGISTRO

  • campo de control: 51057

003 - IDENTIFICADOR DE NUMERO DE CONTROL

  • campo de control: UPN

005 - FECHA Y HORA DE LA ÚLTIMA TRANSACCIÓN

  • campo de control: 20240216092322.0

008 - DATOS DE LONGITUD FIJA

  • campo de control de longitud fija: 240216|| aca||babn | a|a d

040 ## - FUENTE DE LA CATALOGACIÓN

  • Centro catalogador de origen: MX-MxUPN
  • Lengua de catalogación: spa
  • Agencia de transcripción: MX-MxUPN

150 ## - ENCABEZAMIENTO - TEMÁTICO

  • Término de materia o nombre geográfico como elemento inicial: Drama portugués
  • Subdivisión de materia general: Historia y crítica

670 ## - FUENTE EN LA QUE SE LOCALIZARON DATOS

  • Cita de la fuente: Library of Congress, 16 de febrero de 2024:
  • Información localizada: (Portuguese drama History and criticism)
  • Identificador Uniforme del Recurso: https://lccn.loc.gov/sh2010107735